| 000 | 00000nam##2200000za#4500 |
| 001 | 9.640459 |
| 003 | CaOODSP |
| 005 | 20230117132343 |
| 007 | cr ||||||||||| |
| 008 | 150407|2000||||xxc|||||o f|0| 0 fre|d |
| 040 | |aCaOODSP|bfre |
| 043 | |an-cn--- |
| 086 | 1 |aJL2-12/2000F-PDF |
| 110 | 2 |aCommission du droit du Canada. |
| 245 | 10|aParlons franchement à propos des traités |h[ressource électronique] |
| 260 | |aOttawa - Ontario : |bCommission du droit du Canada |c[2000]. |
| 300 | |a217p.|bcarte, références |
| 500 | |aLe n° de catalogue (JL2-12/2000F) et l'ISBN (0-662-85548-5) de l'édition imprimée ont été incorrectement copiés dans l'édition électronique. |
| 590 | |a12-28-Supp|b2012-06-15 |
| 691 | 07|aDroits des autochtones|2gcpds |
| 691 | 07|aAccord|2gcpds |
| 691 | 07|aTerres autochtones|2gcpds |
| 710 | 2 |aCommission des traités de la Colombie-Britannique. |
| 775 | 08|tSpeaking truth to power : |w(CaOODSP)9.696342 |
| 776 | 0#|tParlons franchement à propos des traités |w(CaOODSP)9.681422 |
| 856 | 40|ahttp://publications.gc.ca|qPDF|s1.54 Mo|uhttps://publications.gc.ca/collections/Collection/JL2-12-2000F.pdf |